ბათუმის შოთა რუსთაველის სახელმწიფო უნივერსიტეტის ბიბლიოთეკა

ჩანაწერი Corporate Name

ჩანაწერთა რაოდენობა, რომელიც გამოყენებულია: 1

001 - CONTROL NUMBER

  • control field: 16951

003 - CONTROL NUMBER IDENTIFIER

  • control field: GE_BSU

005 - DATE AND TIME OF LATEST TRANSACTION

  • control field: 20230216154822.0

008 - FIXED-LENGTH DATA ELEMENTS

  • fixed length control field: 230216|| aca||aabn | a|a d

040 ## - CATALOGING SOURCE

  • Original cataloging agency: GE_BSU
  • Transcribing agency: GE_BSU

110 ## - HEADING--CORPORATE NAME

  • Corporate name or jurisdiction name as entry element: თსუ
  • Subordinate unit: არნოლდ ჩიქობავას სახელობის ენათმეცნათმეცნიერების ინსტიტუტიტი

670 ## - SOURCE DATA FOUND

  • Source citation: Work cat.: (GE_BSU)55191: ჯორბენაძე, ბ. 7226, ქართული ენის სახელური ფუძეების ლექსიკონი :